Méně poboček a nové služby. Takový bude rok 2021

Zrýchlené presúvanie bankových služieb do digitálneho prostredia spôsobené pandémiou COVID-19. Zatváranie a optimaliácia fyzických bankových pobočiek. Digitalizácia bankových služieb a zavádzanie nových produktov.

Gespeichert in:
Bibliographische Detailangaben
1. Verfasser: Sobková, Martina
Format: Buchkapitel
Sprache:Tschechisch
Schlagworte:
Tags: Tag hinzufügen
Keine Tags, Fügen Sie das erste Tag hinzu!

MARC

LEADER 00000naa a2200000 4500
001 0273446
005 20210504141057.4
041 0 |a cze 
044 |a CZ 
245 1 0 |a Méně poboček a nové služby. Takový bude rok 2021  |c Martina Sobková 
520 |a Zrýchlené presúvanie bankových služieb do digitálneho prostredia spôsobené pandémiou COVID-19. Zatváranie a optimaliácia fyzických bankových pobočiek. Digitalizácia bankových služieb a zavádzanie nových produktov. 
610 2 0 |a banky 
610 2 0 |a digitalizácia 
610 2 0 |a služby bankové 
610 2 0 |a optimalizácia 
610 2 0 |a koronavírus 
100 1 |a Sobková, Martina